MDQL
is popping MORE tags! Check the
thread
!
Quizzes
Events
Quiz Creation
Community
Videos
Private Events
Remove Ads
Sign In
Join for FREE
Feedback
Dark Mode
Quiz Categories
Sports
Geography
Music
Movies
Television
Just For Fun
Miscellaneous
History
Literature
Language
Science
Gaming
Entertainment
Religion
Holiday
For Kids
Quiz Lab
Recent
Popular Today
Quiz Kudos Today
Editor Picks
Curator Picks
Quizzes by...
Day
Popularity
Type
Ratings
Length
Year
Community
Subscriptions
Recent Discussions
Orange Saloon
Badges
Playlists
Quests
Create
Leaderboards
Showdown
Live 5
Trivia Bingo
Activity
Puzzle Library
Sporcle Events
Private Events
Virtual Trivia
Globe League
Become a Host
Pub Owners
SporcleCon
Opinionation
Our Games
Videos
Blog
Mobile Apps
Partnerships
Remove Ads and Go Orange
Feedback
Gaming
Video Games
Board Games
Card Games
Pokémon
Mario
Nintendo
Minecraft
Console
Toys
Legend of Zelda
Gaming
Video Games
Board Games
Card Games
Pokémon
Mario
Nintendo
Minecraft
Console
Toys
Legend of Zelda
Random Quiz
Search Sporcle
×
Quiz Lab
Quiz Lab
Gaming
least
Type in answers that appear in a list
Type in answers that appear in a list
Classic
Best Score? Go Orange.
40 Mortal Kombat Character(at least) Stats
Can you name the 40 MK Characters?
By
chrisamalejo
9m
40 Questions
232 Plays
232 Plays
232 Plays
Comments
Comments
Give Quiz Kudos
Give Quiz Kudos
-
- Ratings
hide this ad
Random Order
Randomize order of answers
Randomize order of answers
Replay
Link that replays current quiz
Next Quiz
Link to next quiz in quiz playlist
You Got
0%
They Got
Avg Score
47%
Avg Friend Score
Upgrade to see
Score Distribution
Jump to the score distribution portion of the page
Score
0/40
Timer
09:00
0
Plays Today
% Correct
Sub-zero
91.4%
Scorpion
88.4%
Sonya
75.4%
Raiden
72.8%
Kitana
71.6%
Johnny Cage
69%
Reptile
69%
Mileena
66.4%
Jax
64.7%
Shang Tsung
61.6%
Kung Lao
61.2%
Jade
58.6%
Kano
58.2%
Noob Saibot
56.9%
Sektor
53%
Ermac
52.6%
Sindel
52.2%
Baraka
51.3%
Sheeva
50%
Kabal
48.3%
% Correct
Quan Chi
47.4%
Kintaro
47%
Tanya
40.5%
Shinnok
37.9%
Motaro
36.2%
Blaze
35.3%
Fujin
34.1%
Frost
32.3%
Meat
31.9%
Chameleon
30.2%
Khameleon
28.4%
Kobra
28.4%
Reiko
28.4%
Jarek
25.9%
Havik
25%
Kira
25%
Nitara
25%
Shujinko
22.4%
Mokap
22%
Human Smoke
4.3%
Quiz Playlist
Details
Report
Send in Message
Add To Playlist
Classic:
Type in answers that appear in a list
Random Order:
Randomize order of answers
Quiz Source
Last Updated: Feb 16, 2017
Quiz Scoreboard
CHALLENGE
Sign Up to Join the Scoreboard
Show All
Scores
Hide
Comments
May contain spoilers
Recently Published
Two Season TV Shows II
by 123Four
Television
10m
Image Sorting: Flags VI
by Barbecue
Geography
2m
Find the 'City' Movie
by crazypaving
Movies
60s
More to Explore
Quiz From the Vault
Featured Blog Post
14 Easter Pick-up Lines to Find Eggs With
hide this ad
You Might Also Like...
Tags
Character
kombat
least
mortal
Today's Top Quizzes in Gaming
Browse Gaming
hide this ad
Today's Top Quizzes in least
Browse least
Top Contributed Quizzes in Gaming
1
League of Legends Pro Players by Career/Team History
2
Destiny 2 exotic weapons by perk icons
3
Genshin Impact Logic Puzzle
4
Genshin murder mystery
5
Dead By Daylight Logic Puzzle
6
4x4 Decades: Video Games
7
Ultimate Genshin Impact Logic Puzzle (up to 4.3)
8
Genshin Impact Logic Puzzle Quiz
9
Overwatch Logic Puzzle
10
Who's on the WWE 2K24 Cover?
Explore More
Trending Topics
Kpop
Anime
Harry Potter
Crossword
NBA
Disney
Marvel
Soccer
Pokémon
Puzzle
NFL
Song
WWE
Country
The Office
hide this ad
More By:
chrisamalejo
Quiz
Plays
Rating
Category
Featured
Created
Fairy Tail
18,150
3.09
Television
May 6, 2012
Walking Dead TV Characters
3,266
3.17
Television
May 7, 2012
X-Men Mutants Popularity
1,492
1.85
Entertainment
Jun 4, 2011
Goosebumps Book Numbers
989
5.00
Just For Fun
May 8, 2012
Bleach Characters!
717
3.33
Television
May 31, 2011
Go to Creator's Profile
Score Distribution
Quiz Creator Spotlight
chrisamalejo
Follow
Send a Message
Quizzes Created
-
Created Quiz Play Count
-
More By This Creator
Popular Quizzes Today
1
Find the US States - No Outlines Minefield
2
Colored Red Africa Blitz
3
Find the 'City' Movie
4
5x2 Blitz: Bands
5
The Countries of the World
6
Find the Countries of Europe - No Outlines Minefield
7
Find the US States
8
US States
More Gaming Quizzes
First Five: Gaming
Published
Trending Quizzes
Colored Red Europe Blitz I
Colored Red Africa Blitz II
Colored Red Europe Blitz II
Colored Red Europe Blitz III
Colored Red Africa Blitz III
Recently Updated
How Do You Spell That?
pecheneg
Godzilla Movies
pecheneg
Grab Bag: 4-10 Letters
pecheneg
2024 March Madness Bracket
pecheneg
Famous TV Couples
Peacemaker
Champions League XIs: Real Madrid
pecheneg
Largest US Cities 1790-2010
pecheneg
Rides in Walt Disney World
pecheneg
Most Oscar Losses (Acting)
pecheneg
Beyoncé Albums
pecheneg
Trending Topics
Anime
Marvel
Kpop
Disney
NBA
Crossword
Harry Potter
The Office
Soccer
Country
Song
NFL
Puzzle
WWE
Pokémon
Your Account Isn't Verified!
In order to create a playlist on Sporcle, you need to verify the email address you used during registration. Go to your
Sporcle Settings
to finish the process.
Report this User
Report this user for behavior that violates our
Community Guidelines
.
Details:
Send Report
Go to the Sporcle.com Mobile Site →
Comments